Análisis del sistema sanitario español : actas de la jornada organizada por la Fundación de Ciencias de la Salud y celebrada el 5 de mayo de 1993 /
Saved in:
| Andre forfattere: | |
|---|---|
| Format: | Electronisk eBog |
| Sprog: | spansk |
| Udgivet: |
Madrid :
Fundación de Ciencias de la Salud ; Aranjuez (Madrid) : Ediciones Doce Calles,
[1995]
|
| Serier: | Colección Debates de la Fundación de Ciencias de la Salud. Serie Política Sanitaria.
|
| Fag: | |
| Online adgang: | Digitalia Hispánica |
| Tags: |
Tilføj Tag
Ingen Tags, Vær først til at tagge denne postø!
|
MARC
| LEADER | 00000nam a2200000Ii 4500 | ||
|---|---|---|---|
| 001 | DIGDOCEC0316 | ||
| 003 | NyNyDIG | ||
| 006 | m o d | ||
| 007 | cr ||||||||||| | ||
| 008 | 251104s1995 sp ob 100 0 spa d | ||
| 035 | |a (OCoLC)1548424976 | ||
| 040 | |a DGITA |b eng |e rda |e pn |c DGITA | ||
| 020 | |z 9788487111495 | ||
| 043 | |a e-sp--- | ||
| 050 | 1 | 4 | |a HD7205 ebook |
| 245 | 0 | 0 | |a Análisis del sistema sanitario español : |b actas de la jornada organizada por la Fundación de Ciencias de la Salud y celebrada el 5 de mayo de 1993 / |c introducción, Fernando Abril Martorell. |
| 264 | 1 | |a Madrid : |b Fundación de Ciencias de la Salud ; Aranjuez (Madrid) : |b Ediciones Doce Calles, |c [1995] | |
| 300 | |a 1 online resource. | ||
| 336 | |a text |b txt |2 rdacontent | ||
| 337 | |a computer |b c |2 rdamedia | ||
| 338 | |a online resource |b cr |2 rdacarrier | ||
| 347 | |a text file |2 rdaft | ||
| 347 | |b PDF | ||
| 490 | 1 | |a Colección: Debates de la Fundación de Ciencias de la Salud. Serie: Política sanitaria | |
| 504 | |a Includes bibliographical references. | ||
| 588 | 0 | |a Online resource; title from PDF title page (Digitalia, viewed November 4, 2025) | |
| 650 | 0 | |a Social security |z Spain |v Congresses. | |
| 650 | 0 | |a Public health administration |z Spain |v Congresses. | |
| 650 | 0 | |a Medical care |z Spain |v Congresses. | |
| 700 | 1 | |a Abril Martorell, Fernando, |d 1936-1998, |e contributor agent of text. | |
| 791 | 2 | |a Digitalia (Firm), |e distributor. | |
| 793 | 0 | |g Digitalia eBook Collection: |a Ediciones Doce Calles | |
| 776 | 0 | 8 | |i Print version: |t Análisis del sistema sanitario español. |d Madrid : Fundación de Ciencias de la Salud ; Aranjuez (Madrid) : Ediciones Doce Calles, [1995] |z 9788487111495 |
| 830 | 0 | |a Colección Debates de la Fundación de Ciencias de la Salud. |p Serie Política Sanitaria. | |
| 856 | 4 | 0 | |3 Digitalia Hispánica |u https://digitalia.unach.elogim.com/a/180911/ |
| 910 | |a Premium collection: 2025 | ||